100 facts Gladiators / (Record no. 62160)
[ view plain ]
| 000 -LEADER | |
|---|---|
| fixed length control field | 00888nam a22002057a 4500 |
| 005 - DATE AND TIME OF LATEST TRANSACTION | |
| control field | 20120207120335.0 |
| 010 ## - LCCN (DPL NO) | |
| LC control number | B-470509 |
| 020 ## - INTERNATIONAL STANDARD BOOK NUMBER | |
| International Standard Book Number | 9781842368787 |
| Terms of availability | 150.00 |
| 035 ## - SYSTEM CONTROL NUMBER | |
| System control number | B-470509 |
| 037 ## - SOURCE OF ACQUISITION | |
| Stock number | dpl |
| Source of stock number/acquisition | Blue Berry/Ven |
| 082 ## - DEWEY DECIMAL CLASSIFICATION NUMBER | |
| Classification number | 796.80937 |
| 100 ## - MAIN ENTRY--PERSONAL NAME | |
| Personal name | Matthews, Rupert |
| 245 ## - TITLE STATEMENT | |
| Title | 100 facts Gladiators / |
| Statement of responsibility, etc | by Rupert Matthews |
| 260 ## - PUBLICATION, DISTRIBUTION, ETC. (IMPRINT) | |
| Place of publication, distribution, etc | U.K |
| Name of publisher, distributor, etc | Miles Kelly Pub |
| Date of publication, distribution, etc | 2009 |
| 270 ## - ADDRESS | |
| Address | 42 Roger Wood/Corbis; 43 Dreamworks/Universal/Pictorial Press; |
| City | U.K |
| Electronic mail address | info@mileskelly.net |
| 300 ## - PHYSICAL DESCRIPTION | |
| Extent | 48p. |
| Other physical details | col.ill |
| Dimensions | 29cm. |
| 942 ## - ADDED ENTRY ELEMENTS (KOHA) | |
| Source of classification or shelving scheme | Dewey Decimal Classification |
| Item type | Children Books |
| Call number suffix | MAT |
| Classification part | 796.80937 |
| Withdrawn status | Lost status | Not for loan | Collection code | Home library | Current library | Date acquired | Source of acquisition | Cost, normal purchase price | Full call number | Barcode | Copy number | Cost, replacement price | Koha item type |
|---|---|---|---|---|---|---|---|---|---|---|---|---|---|
| Non-fiction | Karol Bagh | Karol Bagh | 26/09/2012 | Blue Berry/IN8226/24.03.2012/43/20.03.2012/29.03.2012 | 150.00 | 796.80937 MAT | B-470509 | 1 | 1150.00 | Children Books |
